SAG TV Drama Actor Nominees Quiz Stats

Quiz not verified by Sporcle

Also try: The Office Dating
Challenge
Share
Tweet
Embed
Score 0/120 Timer 10:00
0 Plays Today
Year Answer % Correct
2016Kevin Spacey
98.8%
2013Kevin Spacey
98.2%
2014KEVIN SPACEY
98.2%
2015KEVIN SPACEY
98.2%
2002Kiefer Sutherland
97.6%
2003KIEFER SUTHERLAND
97.6%
2004Kiefer Sutherland
97.6%
2005KIEFER SUTHERLAND
97.6%
2006Kiefer Sutherland
97.6%
2005Hugh Laurie
97%
2006HUGH LAURIE
97%
2007Jon Hamm
97%
2007Hugh Laurie
97%
2008Jon Hamm
97%
2008HUGH LAURIE
97%
2009Jon Hamm
97%
2009Hugh Laurie
97%
2010Jon Hamm
97%
2010Hugh Laurie
97%
2012Jon Hamm
97%
2015Jon Hamm
97%
1995George Clooney
96.3%
1996George Clooney
96.3%
2009Bryan Cranston
96.3%
2010Bryan Cranston
96.3%
2011Bryan Cranston
96.3%
2012BRYAN CRANSTON
96.3%
2013BRYAN CRANSTON
96.3%
2007Michael C. Hall
95.1%
2006Michael C. Hall
95.1%
2008Michael C. Hall
95.1%
2009MICHAEL C. HALL
95.1%
2010Michael C. Hall
95.1%
2011Michael C. Hall
95.1%
1999Martin Sheen
93.3%
2000MARTIN SHEEN
93.3%
2001MARTIN SHEEN
93.3%
2002Martin Sheen
93.3%
2003Martin Sheen
93.3%
1999JAMES GANDOLFINI
91.5%
Year Answer % Correct
2000James Gandolfini
91.5%
2001James Gandolfini
91.5%
2002JAMES GANDOLFINI
91.5%
2004James Gandolfini
91.5%
2006James Gandolfini
91.5%
2007JAMES GANDOLFINI
91.5%
1995David Duchovny
90.9%
1996David Duchovny
90.9%
1997David Duchovny
90.9%
1998David Duchovny
90.9%
1999David Duchovny
90.9%
2017Sterling K. Brown
90%
2017Peter Dinklage
90%
2017Bob Odenkirk
90%
2016Peter Dinklage
89.4%
2013Peter Dinklage
89%
2014Peter Dinklage
89%
2015Peter Dinklage
89%
2010STEVE BUSCEMI
88.4%
2011STEVE BUSCEMI
88.4%
2012Steve Buscemi
88.4%
2013Steve Buscemi
88.4%
2014Steve Buscemi
88.4%
2008William Shatner
86.6%
2006James Spader
85.4%
2007James Spader
85.4%
2008James Spader
85.4%
2012Jeff Daniels
85.4%
2013Jeff Daniels
85.4%
2005Patrick Dempsey
83.5%
2014Woody Harrelson
83.5%
1994Patrick Stewart
81.1%
2016Rami Malek
80%
2017Jason Bateman
80%
2016JOHN LITHGOW
78.8%
2002Michael Chiklis
78.7%
2012Damian Lewis
77.4%
2014Matthew McConaughey
76.2%
2011Kyle Chandler
75.6%
2015Bob Odenkirk
75%
Year Answer % Correct
1994DENNIS FRANZ
74.4%
1995Dennis Franz
74.4%
1996DENNIS FRANZ
74.4%
1997Dennis Franz
74.4%
1998Dennis Franz
74.4%
1999Dennis Franz
74.4%
2000Dennis Franz
74.4%
2001Dennis Franz
74.4%
2015Rami Malek
74.4%
2017David Harbour
70%
1995Jimmy Smits
68.9%
1996Jimmy Smits
68.9%
1997Jimmy Smits
68.9%
1998Jimmy Smits
68.9%
2009Simon Baker
68.3%
1995ANTHONY EDWARDS
67.7%
1996Anthony Edwards
67.7%
1997ANTHONY EDWARDS
67.7%
1998Anthony Edwards
67.7%
2000Anthony Edwards
67.7%
2016Sterling K. Brown
64.7%
2004JERRY ORBACH
64.6%
2001Peter Krause
64%
2003Peter Krause
64%
2005Ian McShane
64%
1997Sam Waterston
62.8%
1998SAM WATERSTON
62.8%
1994Mandy Patinkin
59.8%
2005Alan Alda
58.5%
2003Anthony LaPaglia
56.1%
2004Anthony LaPaglia
56.1%
2004Hank Azaria
51.8%
2002Treat Williams
45.1%
2003Treat Williams
45.1%
1994Tom Skerritt
43.9%
1994Hector Elizondo
29.9%
2000Tim Daly
27.4%
1999Rick Schroder
23.8%
2001Richard Dreyfuss
22.6%
2011Patrick J. Adams
22%

You're not logged in!

Compare scores with friends on all Sporcle quizzes.
Join for Free
OR
Log In

You Might Also Like...

Show Comments

Extras

Top Quizzes Today


Score Distribution

Your Account Isn't Verified!

In order to create a playlist on Sporcle, you need to verify the email address you used during registration. Go to your Sporcle Settings to finish the process.

Report this User

Report this user for behavior that violates our Community Guidelines.

Details: